Normal view
MARC view
- فكر وتفكير-تفكير سليم
Entry Topical Term
001 - CONTROL NUMBER
- control field: 21895
003 - CONTROL NUMBER IDENTIFIER
- control field: JO-AjAnu
005 - DATE AND TIME OF LATEST TRANSACTION
- control field: 20230606073804.0
008 - FIXED-LENGTH DATA ELEMENTS
- fixed length control field: 230606|| aca||aabn | a|a d
040 ## - CATALOGING SOURCE
- Original cataloging agency: JO-AjAnu
- Transcribing agency: JO-AjAnu
150 ## - HEADING--TOPICAL TERM
- Topical term or geographic name entry element: فكر وتفكير-تفكير سليم
670 ## - SOURCE DATA FOUND
- Source citation: Work cat.: (JO-AjAnu)11251: سويد،عبد المعطي, author 21894, مهارات التفكير ومواجهة الحياة